Statistics for Five Smallest Countries by Continent

Click here to take the quiz!

General Stats

  • This quiz has been taken 24,695 times
    (22,434 since last reset)
  • The average score is 23 of 30

Answer Stats

continent km2 country % Correct
Europe0.44Vatican City
97%
Europe61San Marino
92%
Europe2.02Monaco
92%
Europe160Liechtenstein
91%
South America163,820Suriname
86%
South America214,969Guyana
86%
South America176,215Uruguay
85%
South America406,752Paraguay
84%
South America276,841Ecuador
82%
Asia716Singapore
80%
North America261St. Kitts & Nevis
80%
Oceania21Nauru
79%
Oceania26Tuvalu
78%
Europe316Malta
78%
Oceania459Palau
77%
Africa452Seychelles
76%
North America389St. Vincent & the Grenadines
76%
Asia5,765Brunei
74%
Africa4,033Cape Verde
74%
North America430Barbados
73%
Africa964São Tomé & Príncipe
73%
North America442Antigua & Barbuda
71%
Africa1,862Comoros
70%
North America344Grenada
70%
Africa2,040Mauritius
69%
Asia765Bahrain
69%
Oceania702F.S. Micronesia
69%
Oceania181Marshall Islands
68%
Asia300Maldives
67%
Asia9,251Cyprus
47%

Score Distribution

Percentile by Number Answered

Percent of People with Each Score

Your Score History

You have not taken this quiz since the last reset